Quiz culture générale animaux #1 - Statistiques

Statistiques générales
  • Ce quiz a été pris 95 fois
    39 depuis la dernière actualisation
  • Le résultat moyen est 8 sur 15
Statistiques - réponses
Questions Réponses % Correct
Quel insecte est le plus répandu sur Terre en nombre d’individus? La fourmi
90%
Quel animal porte son bébé dans une poche de son ventre et est connu pour ses grands sauts? Le kangourou
83%
Nommez un animal qui peut changer de couleur pieuvre; caméléon; lézard; seiche…6 autres disponibles
79%
Quel est l'oiseau le plus grand du monde (il ne sait pas voler) L’autruche
76%
Quel est le nom de l'animal ressemblant à une branche ou à une feuille? Le phasme
72%
Quel animal marin peut produire de l’électricité? anguille; torpille
66%
Quel animal est le plus grand lézard vivant sur Terre et vit sur certaines îles d’Indonésie ? Le dragon de Komodo
62%
Nommez 1 animal dont le nom commence par Y yack; yabby; yapok
62%
Quel est le plus grand animal du monde? La baleine bleue
59%
Quel est le nom d'un animal qui peut vivre sur terre et dans l'eau? Un amphibie
38%
Quel mammifère utilise l’écholocation pour se déplacer et chasser ? La chauve-souris
34%
Quel est le plus grand rongeur du monde? Le capybara
34%
Quel oiseau possède la plus grande envergure? L’albatros
24%
Quel est le nom du mode de reproduction caractérisé par l'embryon qui se développe complètement à l'intérieur de l'utérus maternel, de sorte qu'à la naissance le petit apparaît formé. La viviparité
24%
Quel est l'animal marin le plus rapide du monde? L’espadon voilier
10%
Aucun quiz correspondant
Distribution des résultats
% des personnes avec chaque résultat
Percentile par nombre de réponses
Votre historique - résultats
Vous n’avez pas pris ce quiz depuis la dernière actualisation